=LDR 00000nam 2200000 4500 =001 INLIS000000000009497 =005 20130612101304 =008 ***********************************Ind** =035 ##$$0010-061300000009497 =041 ##$$a Ind =082 ##$$a 92(Feynman) =090 ##$$a 92(Feynman)-Fey-c =100 ##$$a Feynmen, Richard P =245 ##$$a Cerdas Jenaka Dan Nobelis Fisika, Petualangan Richard Feynmen, Richard P Feynmen =260 ##$$a 2002 $b Bandung =300 ##$$a 389 hlm, ilus, 23 cm =650 ##$$a Feynmen, Richard P =650 ##$$a 1918 =850 ##$$a NBPNMAT